000 00743nam a2200217Ia 4500
003 GCL
008 140319s9999 xx 000 0 ara d
020 _a6068714977
040 _aGCL /
_cGCL
082 0 4 _a814.008
_bا د
100 1 _aانيس منصور
245 1 0 _aالدين والديناميت: دراسات /
_cانيس منصور
250 _aالاولى
260 _aالقاهرة :
_bنهضة مصر للطباعة والنشر والتوزيع ،
_c1988
300 _a312 ص ؛
_c22 سم
490 _aالهيئة العامة للاستعلامات
_v0
650 0 4 _aالادب العربى
650 0 4 _aالمقالات العربية
650 0 4 _aالادب العربى - المقالات
942 _2ddc
_cBK
999 _c51799
_d51799